00426pam a22001574a 4500020001500000040000800015082002600023100002600049245001200075260004200087300003300129490001100162500002000173520006500193650001000258 a1588105253 cDLC00a581 HEI 2002 C160 Or.1 aWhitehouse, Patricia,10aSeeds / aChicago :bHeinemann Library,cc2002. a24 p. :bcol. ill. ;c23 cm.1 aPlants aIncludes index. aIntroduces the physical traits, function, and uses of seeds. 0aSeeds